[Event "Vienna op 14th"]
[Site "Vienna"]
[Date "2003.08.22"]
[Round "7"]
[White "Padjen, Zdenko"]
[Black "Thallinger, Harald"]
[Result "0-1"]
[WhiteElo "2139"]
[BlackElo "2363"]
[PlyCount "44"]
[EventDate "2003.08.16"]
[EventType "swiss"]
[EventRounds "9"]
[EventCountry "AUT"]
[SourceTitle "CBM 095 Extra"]
[Source "ChessBase"]
[SourceDate "2003.09.04"]
[SourceVersion "1"]
[SourceVersionDate "2003.09.04"]
[SourceQuality "1"]

1. e4 c5 2. Nf3 d6 3. c3 Nf6 4. h3 Nbd7 5. Bd3 b6 6. 0-0 Bb7 7. Qe2 Rc8 8. Na3 g6 9. Bc2 Bg7 10. d4 cxd4 11. cxd4 0-0 12. Bf4 Re8 13. Rad1 b5 14. Nxb5 Qb6 15. Bd3 Nxe4 16. Rc1 Rxc1 17. Rxc1 Nef6 18. Bh2 a6 19. Nc3 Bxf3 20. gxf3 Qxd4 21. Bxa6 Qh4 22. Kg2 Qg5+ 0-1

[Event "Vienna op 14th"]
[Site "Vienna"]
[Date "2003.08.21"]
[Round "6"]
[White "Thallinger, Harald"]
[Black "Hardt, Christian"]
[Result "1/2-1/2"]
[WhiteElo "2363"]
[BlackElo "2153"]
[PlyCount "26"]
[EventDate "2003.08.16"]
[EventType "swiss"]
[EventRounds "9"]
[EventCountry "AUT"]
[SourceTitle "CBM 095 Extra"]
[Source "ChessBase"]
[SourceDate "2003.09.04"]
[SourceVersion "1"]
[SourceVersionDate "2003.09.04"]
[SourceQuality "1"]

1. d4 Nf6 2. c4 d6 3. Nc3 g6 4. e4 Bg7 5. Be2 0-0 6. Nf3 e5 7. 0-0 a5 8. Be3 Na6 9. Nd2 Ng4 10. Bxg4 exd4 11. Bxc8 Rxc8 12. Bxd4 Bxd4 13. Nb3 Bxc3 1/2-1/2

[Event "Vienna op 14th"]
[Site "Vienna"]
[Date "2003.08.18"]
[Round "3"]
[White "Wiedner, Robert"]
[Black "Thallinger, Harald"]
[Result "1/2-1/2"]
[WhiteElo "2206"]
[BlackElo "2363"]
[PlyCount "46"]
[EventDate "2003.08.16"]
[EventType "swiss"]
[EventRounds "9"]
[EventCountry "AUT"]
[SourceTitle "CBM 095 Extra"]
[Source "ChessBase"]
[SourceDate "2003.09.04"]
[SourceVersion "1"]
[SourceVersionDate "2003.09.04"]
[SourceQuality "1"]

1. e4 c5 2. Nf3 d6 3. d4 cxd4 4. Nxd4 Nf6 5. Nc3 a6 6. Be2 e6 7. Be3 Be7 8. 0-0 0-0 9. a4 Nc6 10. Nb3 b6 11. f4 Bb7 12. Bf3 Qc7 13. Rf2 Rab8 14. Rd2 Ba8 15. Qe2 Nb4 16. Bd4 e5 17. Be3 d5 18. exd5 exf4 19. Bd4 Rfe8 20. Qf2 Nfxd5 21. Nxd5 Bxd5 22. Bxd5 Nxd5 23. Bxg7 Nf6 1/2-1/2

[Event "Olomouc Valoz Cup"]
[Site "Olomouc"]
[Date "2003.08.05"]
[Round "9"]
[White "Thallinger, Harald"]
[Black "Chytilek, Roman"]
[Result "0-1"]
[WhiteElo "2363"]
[BlackElo "2406"]
[PlyCount "64"]
[EventDate "2003.07.30"]
[EventType "tourn"]
[EventRounds "11"]
[EventCountry "CZE"]
[EventCategory "3"]
[SourceTitle "CBM 095 Extra"]
[Source "ChessBase"]
[SourceDate "2003.09.04"]
[SourceVersion "1"]
[SourceVersionDate "2003.09.04"]
[SourceQuality "1"]

1. d4 d5 2. c4 c6 3. Nf3 Nf6 4. e3 e6 5. Nc3 Nbd7 6. Qc2 Bd6 7. g4 Bb4 8. Bd2 Qe7 9. g5 Bxc3 10. Bxc3 Ne4 11. Bd3 Nxc3 12. Qxc3 0-0 13. 0-0-0 dxc4 14. Qxc4 c5 15. Kb1 Rb8 16. h4 b6 17. Qc2 g6 18. h5 cxd4 19. hxg6 fxg6 20. Bxg6 hxg6 21. Rh6 Rxf3 22. Qxg6+ Qg7 23. Qh5 Bb7 24. Rxd4 Nf8 25. Rh4 Be4+ 26. Rxe4 Rxf2 27. Rd4 Rc8 28. a4 Rcc2 29. b3 Rb2+ 30. Kc1 Rxb3 31. Qg4 Qc7+ 32. Rc4 Rc3+ 0-1

[Event "Olomouc Valoz Cup"]
[Site "Olomouc"]
[Date "2003.08.03"]
[Round "6"]
[White "Toma, Katarzyna"]
[Black "Thallinger, Harald"]
[Result "0-1"]
[WhiteElo "2210"]
[BlackElo "2363"]
[PlyCount "60"]
[EventDate "2003.07.30"]
[EventType "tourn"]
[EventRounds "11"]
[EventCountry "CZE"]
[EventCategory "3"]
[SourceTitle "CBM 095 Extra"]
[Source "ChessBase"]
[SourceDate "2003.09.04"]
[SourceVersion "1"]
[SourceVersionDate "2003.09.04"]
[SourceQuality "1"]

1. e4 c5 2. Nf3 d6 3. d4 cxd4 4. Nxd4 Nf6 5. Nc3 a6 6. Be3 Qc7 7. f3 e6 8. Qd2 Be7 9. 0-0-0 Nc6 10. g4 0-0 11. g5 Nd7 12. h4 Nxd4 13. Bxd4 b5 14. Bd3 Rb8 15. Kb1 b4 16. Ne2 e5 17. Be3 Nc5 18. b3 Be6 19. f4 f6 20. f5 Bf7 21. g6 hxg6 22. fxg6 Bxg6 23. Rhg1 Nxe4 24. Qc1 Bh7 25. Bh6 Rf7 26. Bc4 Bf8 27. Be3 Kh8 28. Bxf7 Qxf7 29. Ka1 d5 30. Ng3 Rc8 0-1

[Event "Oberwart op 25th"]
[Site "Oberwart"]
[Date "2003.07.11"]
[Round "7"]
[White "Chatalbashev, Boris"]
[Black "Thallinger, Harald"]
[Result "1-0"]
[WhiteElo "2509"]
[BlackElo "2363"]
[PlyCount "57"]
[EventDate "2003.07.05"]
[EventType "swiss"]
[EventRounds "9"]
[EventCountry "AUT"]
[SourceTitle "CBM 095 Extra"]
[Source "ChessBase"]
[SourceDate "2003.09.04"]
[SourceVersion "1"]
[SourceVersionDate "2003.09.04"]
[SourceQuality "1"]

1. d4 d5 2. c4 c6 3. Nf3 Nf6 4. e3 e6 5. Bd3 dxc4 6. Bxc4 Nbd7 7. 0-0 Bd6 8. Qe2 0-0 9. e4 e5 10. dxe5 Nxe5 11. Nxe5 Bxe5 12. Nd2 b5 13. Bb3 a6 14. f4 Bd4+ 15. Kh1 Re8 16. e5 Bf5 17. Nf3 Bc5 18. Ng5 Ra7 19. Be3 Bd3 20. Qf3 Bxe3 21. Qxe3 Rd7 22. Nxf7 Rxf7 23. Bxf7+ Kxf7 24. Rad1 Bxf1 25. Rxd8 Rxd8 26. exf6 gxf6 27. Qa7+ Kg6 28. f5+ Kh6 29. Qe3+ 1-0

[Event "AUT-chT2O 9798"]
[Site "Austria"]
[Date "1997.12.07"]
[Round "5"]
[White "Thallinger, Harald"]
[Black "Wukits, Rene"]
[Result "1-0"]
[WhiteElo "2350"]
[BlackElo "2240"]
[PlyCount "93"]
[EventDate "1997.??.??"]
[EventType "team-tourn"]
[EventRounds "13"]
[EventCountry "AUT"]
[SourceTitle "EXT 1999"]
[Source "ChessBase"]
[SourceDate "1998.11.16"]
[SourceVersion "1"]
[SourceVersionDate "1998.11.16"]
[SourceQuality "1"]

1. d4 Nf6 2. c4 e6 3. Nf3 d5 4. g3 c6 5. Qc2 Bd6 6. Bg2 Nbd7 7. 0-0 0-0 8. b3 Qe7 9. Bb2 Ne4 10. Ne5 f5 11. f3 Nef6 12. Nd2 c5 13. e3 cxd4 14. exd4 f4 15. c5 Nxc5 16. dxc5 Bxc5+ 17. Kh1 fxg3 18. Nd3 Bb6 19. hxg3 Nh5 20. Be5 Qg5 21. f4 Nxg3+ 22. Kh2 Nxf1+ 23. Rxf1 Qh5+ 24. Kg3 Qg6+ 25. Kh2 Qh5+ 26. Kg3 Bd7 27. Nf2 Rac8 28. Qb1 Qe2 29. Qb2 Be3 30. Nc4 Bxf2+ 31. Rxf2 Qd3+ 32. Rf3 Qg6+ 33. Kf2 Rf7 34. Rg3 Qh6 35. Nd6 Rcf8 36. Nxf7 Rxf7 37. Qd4 a6 38. Bf1 Qh2+ 39. Rg2 Qh4+ 40. Kg1 Qe7 41. Bd3 Bb5 42. Bc2 Qh4 43. Qc3 Qe7 44. Rh2 h6 45. Rg2 Qd7 46. Bg6 Re7 47. Qd4 1-0

[Event "Budapest FS05 IM"]
[Site "Budapest"]
[Date "1995.??.??"]
[Round "6"]
[White "Dao, Thien Hai"]
[Black "Thallinger, Harald"]
[Result "1-0"]
[WhiteElo "2480"]
[BlackElo "2205"]
[PlyCount "61"]
[EventDate "1995.05.??"]
[EventType "tourn"]
[EventRounds "11"]
[EventCountry "HUN"]
[EventCategory "2"]
[SourceTitle "EXT 1997"]
[Source "ChessBase"]
[SourceDate "1996.11.15"]
[SourceVersion "1"]
[SourceVersionDate "1996.11.15"]
[SourceQuality "1"]

1. d4 d5 2. c4 c6 3. Nf3 Nf6 4. Nc3 e6 5. e3 Nbd7 6. Qc2 Bd6 7. g4 Nxg4 8. Rg1 f5 9. h3 Ngf6 10. Rxg7 Ne4 11. Bd2 Kf8 12. Rg2 Rg8 13. 0-0-0 Rxg2 14. Bxg2 Nxf2 15. Rg1 Ne4 16. Be1 Ndf6 17. Ne5 Nxc3 18. Bxc3 Qe7 19. Bf3 Ne8 20. Be1 Bxe5 21. dxe5 Qc5 22. Kb1 Qxe3 23. Qg2 Ke7 24. Bf2 Qd3+ 25. Ka1 Kd8 26. cxd5 exd5 27. Rd1 Qc4 28. Qg5+ Kc7 29. Qe7+ Bd7 30. e6 Rd8 31. Bh4 1-0

[Event "Montecatini Terme op"]
[Site "Montecatini Terme"]
[Date "1995.??.??"]
[Round "?"]
[White "Efimov, Igor"]
[Black "Thallinger, Harald"]
[Result "1-0"]
[WhiteElo "2450"]
[BlackElo "2280"]
[PlyCount "81"]
[EventDate "1995.07.??"]
[EventType "swiss"]
[EventRounds "9"]
[EventCountry "ITA"]
[SourceTitle "EXT 1997"]
[Source "ChessBase"]
[SourceDate "1996.11.15"]
[SourceVersion "1"]
[SourceVersionDate "1996.11.15"]
[SourceQuality "1"]

1. d4 d5 2. Nf3 Nf6 3. c4 c6 4. Nc3 e6 5. e3 Nbd7 6. Qc2 Bd6 7. a3 0-0 8. Bd3 e5 9. cxd5 cxd5 10. Nb5 Bb8 11. dxe5 Nxe5 12. Nxe5 Bxe5 13. Bd2 a6 14. Nc3 b5 15. 0-0-0 Qb6 16. Kb1 Bd7 17. Bf5 Bc6 18. Rc1 Bb7 19. h4 a5 20. h5 Bd6 21. Rh4 Rfe8 22. g3 Re7 23. Qb3 Bc6 24. Na4 Qb7 25. Nc5 Qb6 26. Bc3 Bxc5 27. Bxf6 gxf6 28. Qc2 Bxe3 29. fxe3 Bd7 30. Bxh7+ Kh8 31. Bd3 Qxe3 32. Rf4 Rc8 33. Qxc8+ Bxc8 34. Rxc8+ Re8 35. Rxe8+ Qxe8 36. Rxf6 Qe1+ 37. Kc2 Kg7 38. Ra6 Qf2+ 39. Kb1 b4 40. h6+ Kf8 41. h7 1-0

[Event "Balatonbereny IM-A"]
[Site "Balatonbereny"]
[Date "1995.??.??"]
[Round "1"]
[White "Frosch, Erich"]
[Black "Thallinger, Harald"]
[Result "1-0"]
[WhiteElo "2265"]
[BlackElo "2280"]
[PlyCount "97"]
[EventDate "1995.08.??"]
[EventType "tourn"]
[EventRounds "11"]
[EventCountry "HUN"]
[EventCategory "5"]
[SourceTitle "CBM 048 Extra"]
[Source "ChessBase"]
[SourceDate "1995.11.01"]
[SourceVersion "1"]
[SourceVersionDate "1995.11.01"]
[SourceQuality "1"]

1. d4 d5 2. Nf3 c6 3. e3 Bg4 4. c4 e6 5. Nc3 Nd7 6. Be2 Ngf6 7. 0-0 Bd6 8. b3 0-0 9. Bb2 Qe7 10. Nd2 Bf5 11. f4 Ne4 12. Ndxe4 Bxe4 13. Nxe4 dxe4 14. Qc2 f5 15. Rad1 h6 16. g3 Kh7 17. Rf2 g5 18. Kh1 gxf4 19. exf4 Rac8 20. Rg1 Nf6 21. g4 Rg8 22. g5 e3 23. Rf3 Ne4 24. Rxe3 Nf2+ 25. Kg2 Ne4 26. Rxe4 hxg5 27. fxg5 fxe4 28. Qxe4+ Kh8 29. h4 Rcf8 30. c5 Bf4 31. Bg4 Rg7 32. Re1 e5 33. dxe5 Bd2 34. Re2 Rf4 35. e6 Rxe4 36. Rxe4 Kg8 37. Bf6 Qe8 38. e7 Kf7 39. Bh5+ Rg6 40. Rd4 Ba5 41. Rd8 Bxd8 42. exd8Q Qe4+ 43. Bf3 Qc2+ 44. Kg3 Qxc5 45. Qd7+ Kf8 46. Qc8+ Kf7 47. Qxb7+ Kf8 48. Qxc6 Qg1+ 49. Kf4 1-0

[Event "Budapest FS09 IM-B"]
[Site "Budapest"]
[Date "1995.??.??"]
[Round "7"]
[White "Peter, Ambrus"]
[Black "Thallinger, Harald"]
[Result "0-1"]
[WhiteElo "2410"]
[BlackElo "2280"]
[PlyCount "110"]
[EventDate "1995.09.??"]
[EventType "tourn"]
[EventRounds "9"]
[EventCountry "HUN"]
[EventCategory "3"]
[SourceTitle "EXT 1997"]
[Source "ChessBase"]
[SourceDate "1996.11.15"]
[SourceVersion "1"]
[SourceVersionDate "1996.11.15"]
[SourceQuality "1"]

1. d4 d5 2. c4 c6 3. Nf3 Nf6 4. Nc3 e6 5. Bg5 dxc4 6. e4 b5 7. e5 h6 8. Bh4 g5 9. Nxg5 hxg5 10. Bxg5 Nbd7 11. g3 Qb6 12. exf6 Bb7 13. Bg2 c5 14. d5 0-0-0 15. 0-0 b4 16. Rb1 Qa6 17. dxe6 Bxg2 18. e7 Ba8 19. Nd5 Qb7 20. exf8Q Rhxf8 21. Ne7+ Kc7 22. Bf4+ Ne5 23. Bxe5+ Kb6 24. f3 Rxd1 25. Rbxd1 Re8 26. Rd6+ Kb5 27. h4 Rxe7 28. fxe7 Qxe7 29. Bf4 Bb7 30. h5 Bc8 31. Kf2 Bf5 32. Re1 Be6 33. h6 Qf6 34. h7 Qxb2+ 35. Rd2 Qh8 36. Rh1 c3 37. Re2 Bf5 38. Be5 Qxh7 39. Rxh7 Bxh7 40. Ke1 a5 41. Kd1 a4 42. Rh2 Bf5 43. Rh4 a3 44. Kc1 Be6 45. Rh2 Kc4 46. g4 Kd3 47. Kb1 Bd5 48. Bd6 Bxf3 49. Rh3 Kd2 50. Bf4+ Ke2 51. Kc1 Bxg4 52. Re3+ Kf2 53. Re5 b3 54. Kb1 c2+ 55. Kc1 bxa2 0-1

[Event "AUT-chT2O 9596"]
[Site "Austria"]
[Date "1995.??.??"]
[Round "6"]
[White "Sandor, Christian"]
[Black "Thallinger, Harald"]
[Result "1-0"]
[WhiteElo "2380"]
[BlackElo "2360"]
[PlyCount "39"]
[EventDate "1995.??.??"]
[EventType "team-tourn"]
[EventRounds "11"]
[EventCountry "AUT"]
[SourceTitle "EXT 1999"]
[Source "ChessBase"]
[SourceDate "1998.11.16"]
[SourceVersion "1"]
[SourceVersionDate "1998.11.16"]
[SourceQuality "1"]

1. e4 c5 2. Nf3 d6 3. d4 cxd4 4. Nxd4 Nf6 5. Nc3 a6 6. f4 Qc7 7. Qf3 Nc6 8. Be3 e6 9. h3 Bd7 10. g4 Nxd4 11. Bxd4 e5 12. Be3 Bc6 13. 0-0-0 Nxe4 14. Nxe4 d5 15. fxe5 dxe4 16. Qf4 g6 17. Qf6 Ba4 18. Rh2 Rg8 19. e6 Rc8 20. Rd7 1-0

[Event "Budapest FS05 IM"]
[Site "Budapest"]
[Date "1995.??.??"]
[Round "2"]
[White "Thallinger, Harald"]
[Black "Ciric, Dragoljub M"]
[Result "1/2-1/2"]
[WhiteElo "2205"]
[BlackElo "2370"]
[PlyCount "30"]
[EventDate "1995.05.??"]
[EventType "tourn"]
[EventRounds "11"]
[EventCountry "HUN"]
[EventCategory "2"]
[SourceTitle "EXT 1997"]
[Source "ChessBase"]
[SourceDate "1996.11.15"]
[SourceVersion "1"]
[SourceVersionDate "1996.11.15"]
[SourceQuality "1"]

1. d4 Nf6 2. c4 e6 3. Nc3 d5 4. cxd5 exd5 5. Bg5 c6 6. Qc2 Nbd7 7. e3 Be7 8. Bd3 Nh5 9. Bxe7 Qxe7 10. Nge2 Nb6 11. 0-0-0 g6 12. Kb1 Ng7 13. h4 Bf5 14. Bxf5 Nxf5 15. h5 0-0-0 1/2-1/2

[Event "Budapest FS09 IM-B"]
[Site "Budapest"]
[Date "1995.??.??"]
[Round "6"]
[White "Thallinger, Harald"]
[Black "Egedi, Istvan"]
[Result "1-0"]
[WhiteElo "2280"]
[BlackElo "2290"]
[PlyCount "77"]
[EventDate "1995.09.??"]
[EventType "tourn"]
[EventRounds "9"]
[EventCountry "HUN"]
[EventCategory "3"]
[SourceTitle "EXT 1997"]
[Source "ChessBase"]
[SourceDate "1996.11.15"]
[SourceVersion "1"]
[SourceVersionDate "1996.11.15"]
[SourceQuality "1"]

1. d4 Nf6 2. c4 e6 3. Nc3 Bb4 4. Qc2 0-0 5. a3 Bxc3+ 6. Qxc3 b6 7. Bg5 Bb7 8. f3 d5 9. e3 Nbd7 10. cxd5 exd5 11. Bd3 Re8 12. Ne2 h6 13. Bh4 c5 14. 0-0 Qe7 15. Bf2 Rac8 16. Qd2 Nf8 17. Ng3 g6 18. Rfe1 c4 19. Bc2 Qc7 20. Ne2 Ne6 21. Nc3 Ng5 22. Bg3 Qd7 23. Bf4 Nh5 24. h4 Nxf4 25. hxg5 Ne6 26. gxh6 f5 27. Rad1 Rcd8 28. Qf2 Rf8 29. Qg3 Kh7 30. Qe5 Qf7 31. b3 Qf6 32. Qxf6 Rxf6 33. bxc4 dxc4 34. d5 Nc7 35. e4 fxe4 36. fxe4 Rf7 37. Rf1 Rxf1+ 38. Rxf1 Rd7 39. Ba4 1-0

[Event "Budapest FS09 IM-B"]
[Site "Budapest"]
[Date "1995.??.??"]
[Round "8"]
[White "Thallinger, Harald"]
[Black "Galyas, Miklos"]
[Result "1-0"]
[WhiteElo "2280"]
[BlackElo "2310"]
[PlyCount "21"]
[EventDate "1995.09.??"]
[EventType "tourn"]
[EventRounds "9"]
[EventCountry "HUN"]
[EventCategory "3"]
[SourceTitle "EXT 1997"]
[Source "ChessBase"]
[SourceDate "1996.11.15"]
[SourceVersion "1"]
[SourceVersionDate "1996.11.15"]
[SourceQuality "1"]

1. d4 f5 2. Bg5 g6 3. Nc3 d5 4. h4 Bg7 5. e3 c6 6. Nf3 Nd7 7. h5 h6 8. hxg6 hxg5 9. Rxh8 Bxh8 10. Nxg5 Qb6 11. g7 1-0

[Event "AUT-chT2O 9495"]
[Site "Austria"]
[Date "1995.??.??"]
[Round "?"]
[White "Thallinger, Harald"]
[Black "Schneider Zinner, Harald"]
[Result "1-0"]
[WhiteElo "2205"]
[BlackElo "2115"]
[PlyCount "81"]
[EventDate "1994.??.??"]
[EventType "team-tourn"]
[EventRounds "11"]
[EventCountry "AUT"]
[SourceTitle "EXT 1999"]
[Source "ChessBase"]
[SourceDate "1998.11.16"]
[SourceVersion "1"]
[SourceVersionDate "1998.11.16"]
[SourceQuality "1"]

1. d4 d5 2. c4 Bf5 3. cxd5 Bxb1 4. Qa4+ c6 5. Rxb1 Qxd5 6. Nf3 Nd7 7. a3 Ngf6 8. e3 e6 9. Be2 Bd6 10. 0-0 0-0 11. b4 a6 12. Qc2 Rac8 13. Nd2 Bb8 14. f4 b5 15. Bf3 Qd6 16. Nb3 Nd5 17. Bd2 f5 18. Rbc1 N7b6 19. Na5 Rf7 20. Qd3 Rfc7 21. Rc2 Nd7 22. Rfc1 N7f6 23. Be1 Ba7 24. Kh1 Bb6 25. Nb3 Qd7 26. Bg3 g6 27. h3 Ne8 28. Nd2 a5 29. Bh4 axb4 30. Bxd5 exd5 31. axb4 Nd6 32. Nf3 Nc4 33. Ne5 Qd6 34. Rg1 Qxb4 35. g4 Nxe5 36. fxe5 fxg4 37. Rxg4 Qb1+ 38. Rg1 Qb4 39. Rcg2 Qf8 40. Bf6 Kf7 41. Rxg6 1-0

[Event "AUT-chT2O 9596"]
[Site "Austria"]
[Date "1995.??.??"]
[Round "7"]
[White "Thallinger, Harald"]
[Black "Weber, Gerold"]
[Result "1/2-1/2"]
[WhiteElo "2360"]
[BlackElo "2350"]
[PlyCount "80"]
[EventDate "1995.??.??"]
[EventType "team-tourn"]
[EventRounds "11"]
[EventCountry "AUT"]
[SourceTitle "EXT 1999"]
[Source "ChessBase"]
[SourceDate "1998.11.16"]
[SourceVersion "1"]
[SourceVersionDate "1998.11.16"]
[SourceQuality "1"]

1. d4 Nf6 2. c4 g6 3. Nc3 Bg7 4. e4 d6 5. Be2 0-0 6. Nf3 e5 7. 0-0 exd4 8. Nxd4 Re8 9. f3 Nh5 10. g4 Nf6 11. Be3 h5 12. g5 Nh7 13. h4 Nd7 14. Qd2 Ne5 15. Rf2 Bd7 16. Rd1 a6 17. Nb3 b6 18. Nd5 Rb8 19. Bd4 c6 20. Ne3 c5 21. Bxe5 Bxe5 22. f4 Bg7 23. e5 Bf8 24. exd6 Re4 25. Bd3 Re6 26. f5 Rxd6 27. Nd5 b5 28. Qf4 Be8 29. Nd2 Rxd5 30. cxd5 c4 31. Bc2 Bc5 32. Nf3 Bxf2+ 33. Kxf2 Qb6+ 34. Kg3 Rd8 35. d6 Nf8 36. Be4 Bc6 37. Bxc6 Qxc6 38. Ne5 Qe8 39. d7 Qe7 40. Nc6 Qe2 1/2-1/2